00463 a2200109 4500001000700000040002200007041001600029082000900045100004000054245002800094520023100122142464 cLeonardo Da Vinci aPortuguês av206 aCOLÉGIO Leonardo da Vinci - Anglo aJapão do pós-guerra aO vídeo mostra como se processou a restauração de 1945 a 1964aTrata do estilo de vida criado pelos próprios japonesesaFala da questão dos brasileiros que imigram para o Japão atrás de uma vida financeira melhor